| 000 | 00445nam a22001817a 4500 | ||
|---|---|---|---|
| 005 | 20200517152923.0 | ||
| 008 | 200517b xxu||||| |||| 00| 0 eng d | ||
| 020 | _a9788123928814 | ||
| 041 | _aeng | ||
| 082 | _a615 SIN | ||
| 100 |
_aSINGH, GAJENDRA _95435 |
||
| 245 | _aDURG REGULATORY AFFAIR | ||
| 250 | _a1'ST | ||
| 260 |
_aNew Delhi _bCBS Publishers and distributors _c2020 |
||
| 300 | _a178 x | ||
| 650 |
_aPharmacy _95436 |
||
| 942 | _cBK | ||
| 999 |
_c6234 _d6232 |
||